[Event "BRA-ch Amateurs U1700"]
[Site "Sao Paulo"]
[Date "2024.05.30"]
[Round "1"]
[White "Santos, Caua Lopes"]
[Black "Maset, Pedro Yuki Yoshida"]
[Result "1-0"]
[WhiteElo "1642"]
[BlackElo "1800"]
[PlyCount "66"]
[EventDate "2024.05.30"]
[EventType "swiss"]
[EventRounds "7"]
[EventCountry "BRA"]
[SourceTitle "CB23_2024"]
[SourceDate "2024.06.05"]
[SourceVersion "1"]
[SourceVersionDate "2024.06.05"]
[SourceQuality "1"]

1. e4 e5 2. Nf3 Nc6 3. Bc4 Nf6 4. d3 Be7 5. c3 0-0 6. 0-0 d5 7. exd5 Nxd5 8. Re1 Bf6 9. Nbd2 Re8 10. Nf1 Bg4 11. h3 Bxf3 12. Qxf3 Nb6 13. Bb3 a5 14. a4 Qd7 15. Be3 Nc8 16. Rad1 Nd6 17. Ng3 Bh4 18. Qh5 Bxg3 19. fxg3 Qf5 20. Qxf5 Nxf5 21. g4 Nxe3 22. Rxe3 Rad8 23. Rf1 Rf8 24. h4 Rd7 25. Ref3 e4 26. dxe4 Ne5 27. Rf5 Nxg4 28. Rxa5 Re7 29. Ra7 b6 30. a5 bxa5 31. Rxa5 h6 32. Bd5 Ne3 33. Rf2 Rb8 1-0

[Event "Florianopolis op 10th"]
[Site "Florianopolis"]
[Date "2024.01.20"]
[Round "1"]
[White "Santos, Caua Lopes"]
[Black "Da Rosa, Henrique Jaze Simoe"]
[Result "0-1"]
[WhiteElo "1290"]
[BlackElo "1917"]
[PlyCount "80"]
[EventDate "2024.01.20"]
[EventType "swiss"]
[EventRounds "10"]
[EventCountry "BRA"]
[SourceTitle "CB05_2024"]
[SourceDate "2024.01.31"]
[SourceVersion "1"]
[SourceVersionDate "2024.01.31"]
[SourceQuality "1"]

1. e4 e5 2. Nf3 Nc6 3. Bc4 Nf6 4. d3 Be7 5. c3 0-0 6. 0-0 d5 7. exd5 Nxd5 8. Re1 Bf6 9. h3 Re8 10. Nbd2 Be6 11. Bb3 Nf4 12. Ne4 Nxd3 13. Nxf6+ gxf6 14. Rf1 Bxb3 15. Qxb3 Na5 16. Qa4 e4 17. Bh6 Qd5 18. Nd4 Nxb2 19. Qc2 Qh5 20. Qxb2 Qxh6 21. Qe2 Rad8 22. Rfe1 Qg6 23. Rab1 c5 24. Nb3 Nxb3 25. axb3 f5 26. Qb5 b6 27. Ra1 Re7 28. Red1 Rd6 29. c4 f4 30. Rxd6 Qxd6 31. Qa6 Qd7 32. Qa2 f3 33. g4 f5 34. Qa4 fxg4 35. Qxd7 Rxd7 36. hxg4 Rg7 37. Kf1 a5 38. Rd1 Rxg4 39. Rd8+ Kf7 40. Rd7+ Kg6 0-1